Medical genetics / (رقم التسجيلة. 31751)
[ عرض عادي ]
| 000 -الفاتح | |
|---|---|
| حقل البيانات ثابتة الطول | 02115cam a22004334a 4500 |
| 001 - رقم الضبط | |
| رقم الضبط | 15802640 |
| 003 - محدد رقم الضبط | |
| رقم الضبط | OSt |
| 005 - وقت وتاريخ اخر تعامل مع التسجيلة | |
| رقم الضبط | 20150408114148.0 |
| 008 - عناصر البيانات ثابتة الطول - معلومات عامة | |
| حقل البيانات ثابتة الطول | 090701s2010 paua b 001 0 eng |
| 010 ## - رقم ضبط مكتبة الكونجرس | |
| رقم ضبط مكتبة الكونجرس | 2009027335 |
| 016 7# - رقم ضبط الوكاله الوطنية للضبط الببليوجرافي | |
| رقم ضبط التسجيلة | 101509699 |
| المصدر | DNLM |
| 020 ## - الرقم الدولى المعيارى للكتب | |
| الرقم الدولى المعيارى للكتاب | 9780323053730 |
| 020 ## - الرقم الدولى المعيارى للكتب | |
| الرقم الدولى المعيارى للكتاب | 0323053734 |
| 035 ## - رقم ضبط النظام | |
| رقم ضبط النظام | (OCoLC)ocn423572247 |
| 040 ## - مصدر الفهرسة | |
| وكالة الفهرسة الأصلية | DNLM/DLC |
| وكالة النسخ | DLC |
| وكالة التعديل | YDX |
| -- | NLM |
| -- | DLC |
| 042 ## - رمز التحقق | |
| رمز التحقق | pcc |
| 050 00 - رقم طلب مكتبة الكونجرس | |
| رقم التصنيف | RB155 |
| رقم المادة | .J67 2010 |
| 060 10 - رقم الطلب بالمكتبة الطبية الوطنية | |
| رقم التصنيف | QZ 50 |
| رقم المادة | J82m 2010 |
| 082 00 - رقم تصنيف ديوى العشرى | |
| رقم التصنيف | 616.042 |
| رقم الطبعة | 22 |
| رقم المادة | JLM |
| 100 1# - المدخل الرئيسى - إسم شخصى | |
| الإسم الشخصى | Jorde, Lynn B. |
| 9 (RLIN) | 39062 |
| 245 10 - بيان العنوان | |
| العنوان | Medical genetics / |
| بيان المسئوليه,etc | Lynn B. Jorde, John C. Carey, Michael J. Bamshad. |
| 250 ## - بيان الطبعة | |
| بيان الطبعة | 4th ed. |
| 260 ## - PUBLICATION, DISTRIBUTION, ETC. (IMPRINT) | |
| مكان الناشر او الموزع | Philadelphia : |
| اسم الناشر او الموزع | Mosby/Elsevier, |
| تاريخ النشر أو التوزيع | c2010. |
| 300 ## - الوصف المادى | |
| التعداد | xi, 350 p. : |
| تفاصيل ماديه اخرى للوعاء | ill. (some col.) ; |
| أبعاد الوعاء | 28 cm. |
| 500 ## - تبصرة عامة | |
| تبصرة عامة | Rev. ed. of: Medical genetics / Lynn B. Jorde ... [et al.]. 3rd ed. 1996. |
| 504 ## - تبصرة ببليوجرافية | |
| تبصرة ببليوجرافية,الخ | Includes bibliographical references and index. |
| 505 0# - تبصرة محتويات-الفهرس | |
| تبصرة المحتويات المصاغة | Background and history -- Basic cell biology : structure and function of genes and chromosomes -- Genetic variation : its origin and detection -- Autosomal dominant and recessive inheritance -- Sex-linked and nontraditional modes of inheritance -- Clinical cytogenetics : the chromosomal basis of human disease -- Biochemical genetics : disorders of metabolism -- Gene mapping and identification -- Immunogenetics -- Developmental genetics -- Cancer genetics -- Multifactorial inheritance and common diseases -- Genetic testing and gene therapy -- Genetics and personalized medicine -- Clinical genetics and genetic counseling. |
| 650 #0 - المدخل الاضافى بالموضوع-مصطلح موضوعى | |
| مصطلح موضوعي أو اسم جغرافي كعنصر مدخل | Medical genetics. |
| 9 (RLIN) | 19044 |
| 650 12 - المدخل الاضافى بالموضوع-مصطلح موضوعى | |
| مصطلح موضوعي أو اسم جغرافي كعنصر مدخل | Genetic Diseases, Inborn |
| التقسيم الفرعي العام | genetics. |
| 9 (RLIN) | 39063 |
| 650 12 - المدخل الاضافى بالموضوع-مصطلح موضوعى | |
| مصطلح موضوعي أو اسم جغرافي كعنصر مدخل | Genetics, Medical |
| التقسيم الفرعي العام | methods. |
| 9 (RLIN) | 39064 |
| 650 22 - المدخل الاضافى بالموضوع-مصطلح موضوعى | |
| مصطلح موضوعي أو اسم جغرافي كعنصر مدخل | Genetic Services. |
| 9 (RLIN) | 39065 |
| 650 22 - المدخل الاضافى بالموضوع-مصطلح موضوعى | |
| مصطلح موضوعي أو اسم جغرافي كعنصر مدخل | Genetic Techniques. |
| 9 (RLIN) | 17251 |
| 700 1# - المدخل الاضافى - اسم شخصى | |
| الإسم الشخصى | Carey, John C., |
| التواريخ المصاحبة للاسم | 1946- |
| 9 (RLIN) | 19046 |
| 700 1# - المدخل الاضافى - اسم شخصى | |
| الإسم الشخصى | Bamshad, Michael J. |
| 9 (RLIN) | 39066 |
| 730 0# - المدخل الاضافى- عنوان موحد | |
| عنوان موحد | Medical genetics. |
| 9 (RLIN) | 39067 |
| 906 ## - عنصر بيانات محلى F, LDF (RLIN) | |
| a | 7 |
| b | cbc |
| c | orignew |
| d | 1 |
| e | ecip |
| f | 20 |
| g | y-gencatlg |
| 942 ## - عناصر المدخل الإضافي( كوها) | |
| مصدر التصنيف او مخطط الترفيف | Dewey Decimal Classification |
| Koha [default] item type | كتاب |
| حالة الفقد | نموذج السعر الفعال | حالة تلف | ليس للاعارة | رقم الطلب | تاريخ الاكتساب | الموقع الحالي | الباركود | الفرع الرئيسي | Date last seen | نوع المادة فى نظام كوها | مصدر التصنيف او خطة الترفيف | Total Checkouts | Date last checked out |
|---|---|---|---|---|---|---|---|---|---|---|---|---|---|
| 2013-11-02 | 616.042 JLM | 2013-11-02 | المكتبة المركزية بالمجمعة (CL) | 00403964 | المكتبة المركزية بالمجمعة (CL) | 2013-11-02 | كتاب | Dewey Decimal Classification | |||||
| 2013-11-02 | 616.042 JLM | 2013-11-02 | المكتبة المركزية بالمجمعة (CL) | 00403965 | المكتبة المركزية بالمجمعة (CL) | 2013-11-02 | كتاب | Dewey Decimal Classification | |||||
| 2013-11-02 | 616.042 JLM | 2013-11-02 | المكتبة المركزية بالمجمعة (CL) | 00403966 | المكتبة المركزية بالمجمعة (CL) | 2013-11-02 | كتاب | Dewey Decimal Classification | |||||
| 2013-11-02 | 616.042 JLM | 2013-11-02 | مكتبة مجمع الكليات بالزلفى - طلاب (SZM) | 00403967 | مكتبة مجمع الكليات بالزلفى - طلاب (SZM) | 2013-12-04 | كتاب | Dewey Decimal Classification | 1 | 2013-12-03 | |||
| 2013-11-02 | 616.042 JLM | 2013-11-02 | مكتبة مجمع الكليات بالزلفى - طلاب (SZM) | 00403968 | مكتبة مجمع الكليات بالزلفى - طلاب (SZM) | 2013-11-02 | كتاب | Dewey Decimal Classification |
